000 01024nam a2200229 4500
005 20260210161357.0
008 260210b |||||||| |||| 00| 0 eng d
020 _a9788181970763 (pbk)
037 _cTB
040 _aCRL
_cCRL
041 _2hin
_ahin
084 _aNT44wN38 152P3;Q9
_qCRL
245 _aमनोहर सिंह
260 _aनयी दिल्ली, भारत:
_bराष्ट्रीय नाट्य विद्यालय,
_c2019.
300 _a163पृ.
365 _b250.00
_cINR
650 _aललित कला
_91114876
650 _aथियेटर
_91114877
700 _aतनेजा, जयदेव
_eसम्पादक
_91114878
942 _2CC
_n0
_cTB
_hNT44wN38 152P3;Q9
999 _c1679118
_d1679118